Tally Hall - Good and Evil songs - Statistics

General Stats
  • This quiz has been taken 167 times
  • The average score is 11 of 14
Answer Stats
Hint Answer % Correct
2 And
99%
13 You
90%
14 Fate of the Stars
85%
10 Turn the Lights Off
85%
8 A Lady
82%
4 Cannibal
82%
1 Never Meant to Know
81%
3 You and Me
80%
7 Hymn For a Scarecrow
76%
6 Sacred Beast
75%
9 The Trap
75%
11 Misery Fell
65%
5 Who You Are
65%
12 Out in the Twilight
63%
No matching quizzes found
Score Distribution
Percent of People with Each Score
Percentile by Number Answered
Your Score History
You have not taken this quiz